| 000 | 01677cam a2200457 a 4500 | ||
|---|---|---|---|
| 001 | 13590567 | ||
| 003 | OSt | ||
| 005 | 20150820085825.0 | ||
| 008 | 040512s2005 nyua 001 0 eng | ||
| 010 | _a 2004042249 | ||
| 020 | _a9812532447 | ||
| 040 |
_aDLC _cDLC _dDLC |
||
| 050 | 0 | 0 |
_aGE 105 _b.B68 2005 |
| 100 | 1 | _aBotkin, Daniel B. | |
| 245 | 1 | 0 |
_aEnvironmental Science: _bEarth as a Living Planet / _cDaniel B. Botkin, Edward A. Keller. |
| 250 | _a5th edition. | ||
| 260 |
_aNew York _bJohn Wileyand Sons, Inc. _c2005. |
||
| 300 |
_axxvii, 664 pages : _billustrations ; _c26 cm. |
||
| 500 | _aIncludes index. | ||
| 562 | _eFor Circulation. 8 copies in the Collection | ||
| 650 | 0 | _aEnvironmental sciences. | |
| 650 | 0 |
_aEnvironmental sciences _vCase studies. |
|
| 650 | 0 | _aHuman ecology. | |
| 650 | 0 | _aBiodiversity. | |
| 650 | 0 | _aSustainable development. | |
| 700 | 1 |
_aKeller, Edward A., _d1942- |
|
| 856 | 4 | 2 |
_3Publisher description _uhttp://www.loc.gov/catdir/description/wiley042/2004042249.html |
| 856 | 4 | 1 |
_3Table of contents only _uhttp://www.loc.gov/catdir/toc/wiley041/2004042249.html |
| 856 | 4 | 2 |
_3Contributor biographical information _uhttp://www.loc.gov/catdir/enhancements/fy0617/2004042249-b.html |
| 906 |
_a7 _bcbc _corignew _d1 _eocip _f19 _gy-gencatlg |
||
| 942 |
_2lcc _cBK |
||
| 999 |
_c15084 _d15084 |
||